Statistics for Michigan Trivia

Click here to take the quiz!

General Stats

  • This quiz has been taken 15,149 times
    (4,854 since last reset)
  • The average score is 11 of 20

Answer Stats

Question Answer % Correct
Biggest cityDetroit
98%
Capital cityLansing
88%
Only Great Lake that Michigan
doesn't border
Lake Ontario
77%
Two biggest companiesFord
76%
Michigan's most famous rapperEminem
76%
City home to the University of MichiganAnn Arbor
73%
Record label of Stevie Wonder
and the Supremes
Motown Records
70%
Two biggest companiesGeneral Motors
70%
The Lower Peninsula is said to be
shaped like this
Mitten
68%
Bridge that connects the Upper
and Lower peninsulas
Mackinac Bridge
54%
Second biggest cityGrand Rapids
54%
This animal symbolizes Michigan
(but none actually live in the state)
Wolverine
54%
Heavyweight boxer; Namesake of a
former hockey arena
Joe Louis
43%
City home to Kellogg'sBattle Creek
36%
Most important Coney Island
hot dog topping
Chili
36%
Michigan city that borders Canada,
besides the above
Port Huron or
Sault Ste. Marie
35%
A person from the U.P. is called a ...Yooper
34%
Native ginger ale brandVernors
27%
Lake Superior island and National ParkIsle Royale
26%
State stonePetoskey
23%

Score Distribution

Percentile by Number Answered

Percent of People with Each Score

Your Score History

You have not taken this quiz since the last reset